Relación muy breve y elogiosa de la vida y la obra de Garcilaso Inca de la Vega : primer escritor criollo del Perú /

Bibliographic Details
Main Author: López, Casto Fulgencio
Format: Book
Language:Spanish
Published: Caracas : [Impresa en los talleres de la C.A. Artes gráficas], 1943.
Subjects:

MARC

Tag First Indicator Second Indicator Subfields
LEADER 00000cam a2200000I 4500
001 in00002010500
005 20151031143004.0
008 780719s1943 ve 000 0 spa c
010 |a  44001687  
035 |a (OCoLC)ocm04065147 
040 |a Harvard Univ. Library  |c UPM  |d OCLCQ  |d UtOrBLW 
049 |a TXAM 
050 0 |a F3444  |b .G34 
100 1 |a López, Casto Fulgencio. 
245 1 0 |a Relación muy breve y elogiosa de la vida y la obra de Garcilaso Inca de la Vega :  |b primer escritor criollo del Perú /  |c Glosa y comento de Casto Fulgencio López. 
264 1 |a Caracas :  |b [Impresa en los talleres de la C.A. Artes gráficas],  |c 1943. 
300 |a 5 pages 1., 17-87 pages :  |b 2 plates ;  |c 24 cm. 
336 |a text  |b txt  |2 rdacontent 
337 |a unmediated  |b n  |2 rdamedia 
338 |a volume  |b nc  |2 rdacarrier 
500 |a "Leído en parte ... en la Asociación cultural interamericana de Caracas, durante el ciclo de conferencias ʻAl servicio de la cultura de América', el día 5 de septiembre de 1942." 
536 |a From the Biblioteca Asensio April 2004. 
600 1 0 |a Vega, Garcilaso de la,  |d 1539-1616. 
948 |a cataloged  |b h  |c 2004/11/19  |d c  |e cmulkey  |f 11:15:50 am 
994 |a C0  |b TXA 
999 |a MARS 
999 f f |s 87da3e09-1eb1-38c8-a72c-76447b001237  |i a0b74a67-fc10-37a5-8073-d5d69f0346e2  |t 0 
952 f f |p ric  |a Texas A&M University  |b Rellis Campus  |c Joint Library Facility  |d Remote Storage  |t 0  |e F3444 .G34  |h Library of Congress classification  |i unmediated -- volume  |m A14831601771 
998 f f |a F3444 .G34  |t 0  |l Remote Storage